00438nam a22001455i 4500001000700000003000900007005001700016008004100033100002800074245008100102260003500183300002200218700002900240852002300269171480ES-MaACL20230906214638.0090518s1971 sp |||| | cat d1 aSolà€ i Forch, Ferran.10aHams i peixos / cFerran Solà€ i Forch ; proleg de M. Freixes i Fontdevila. aBarcelona : bPulide, c[1971] a283 p. ; c22 cm.1 aFreixes i Fontdevila, M. aES-MaACLjC-45170